00741nam a2200241Ia 450000500170000000800410001702000180005804100120007608200160008810000190010424501110012325000120023426000560024630000210030265000230032365000190034665000180036565000260038365000260040970000200043570000200045570000240047520260429111926.0260429s9999||||xx |||||||||||||| ||und|| a9781032972435 aEnglish a005.83bMAL aMaleh, Yassine 0aBlockchain for cybersecurity and privacy : barchitectures, challenges, and applications / cYassine Maleh a1st ed. aBoca Raton : bCRC Press/ An Auerbach books,c2020. axxi, 384 p.; pbk a Computer networks a Cybersecurity a Data privacy a Information security aBlockchain technology a Alazab, Mamoun a Romdhani, Imed a Shojafar, Mohammad